000 01211nam a2200253Ia 4500
999 _c39401
_d39401
001 5991
003 GE_BSU
005 20190725171618.0
008 181216s2011||||ge |||||||||||||| ||geo||
020 _a9789994097593
040 _cGE_BSU
041 _ageo
080 _a617(075.8) + 616-089(075.8) ქ-54
245 _aქირურგიული დაავადებები :
_bსახელმძღვ. /
_cმ. კუზინის რედაქციით ; თარგმნ. რედ. გია მამათავრიშვილი
250 _aმეოთხე, გადამუშავებული და შევსებული გამოცემა
264 _aთბილისი :
_bმთაწმინდელი ;
_c2011.
300 _a627 გვ. :
_bილ. ;
_c22 სმ.
541 _h25ლ.
653 _aქირურგიული დაავადებები
653 _aქირურგია
700 _aკუზინი, მ.
_eრედაქტორი
_93319
700 _a მამათავრიშვილი, გია
_eთარგმნის რედაქტორი
_93320
942 _cBK
_2udc